Databáza cyklických skúšok materiálov

Salvato in:
Dettagli Bibliografici
Autore principale: Luhový, Matúš (Autore)
Altri autori: Chmelko, Vladimír (Relatore della tesi)
Natura: Manoscritto Libro
Lingua:slovacco
Pubblicazione: 2018
Soggetti:
Accesso online:http://is.stuba.sk/zp/portal_zp.pl?podrobnosti=125495
Tags: Aggiungi Tag
Nessun Tag, puoi essere il primo ad aggiungerne!!

MARC

LEADER 00000ntm a22000003a 4500
001 stuzp70603
003 SK-STU
005 20180820162107.2
007 ta
008 150427s2015----xo-----f-mn---000-0-slo-d
040 |a STU  |b slo 
041 0 |a slo 
100 1 |a Luhový, Matúš  |u 020010  |4 aut  |U SjF Strojnícka fakulta  |T SjF Ústav aplikovanej mechaniky a mechatroniky  |X 76665  |U J0010  |Y 801  |7 76665 
242 0 1 |a Database of cyclic tests of materials  |y eng 
245 1 0 |a Databáza cyklických skúšok materiálov 
260 |c 2018 
650 4 |a Python  |2 slo 
650 4 |a napätie  |2 slo 
650 4 |a deformácia  |2 slo 
650 4 |a cyklus  |2 slo 
650 4 |a krivka životnosti −   |2 slo 
650 4 |a krivka životnosti -  |2 slo 
650 4 |a krivka životnosti −   |2 slo 
650 4 |a Python  |2 eng 
650 4 |a stress  |2 eng 
650 4 |a deformation  |2 eng 
650 4 |a cycle  |2 eng 
650 4 |a life curve −   |2 eng 
650 4 |a life curve −   |2 eng 
650 4 |a life curve -  |2 eng 
700 1 |a Chmelko, Vladimír  |u 020010  |k Z1  |4 ths  |U SjF Strojnícka fakulta  |T SjF Ústav aplikovanej mechaniky a mechatroniky  |X 2396  |U J0010  |Y 801  |7 A000002396 
856 4 |u http://is.stuba.sk/zp/portal_zp.pl?podrobnosti=125495 
996 |b 284J046855  |c J* 3355/DBP  |l JJSK  |s A  |a 24  |w stuzp70603_0001